General philosophy in education (Record no. 1351536)

MARC details
000 -LEADER
fixed length control field 00593nam a2200205Ia 4500
005 - DATE AND TIME OF LATEST TRANSACTION
control field 20250508154656.0
008 - FIXED-LENGTH DATA ELEMENTS--GENERAL INFORMATION
fixed length control field 008 250505s9999 xx 000 0 eng d
037 ## - SOURCE OF ACQUISITION
Stock number Textual
040 ## - CATALOGING SOURCE
Original cataloging agency FEDL
Language of cataloging eng
Transcribing agency FEDL
041 ## - LANGUAGE CODE
Language code of text/sound track or separate title eng
Source of code eng
084 ## - COLON CLASSIFICATION NUMBER
Classification number 370.1, BRO
Assigning agency FEDL
100 ## - MAIN ENTRY--PERSONAL NAME
Personal name Brown L.M.
9 (RLIN) 765834
245 #0 - TITLE STATEMENT
Title General philosophy in education
260 ## - PUBLICATION, DISTRIBUTION, ETC.
Place of publication, distribution, etc. New York, USA
Name of publisher, distributor, etc. McGraw Hill Book Company
Date of publication, distribution, etc. 1966
300 ## - PHYSICAL DESCRIPTION
Extent xii,244p.
490 ## - SERIES STATEMENT
Series statement McGraw-Hill Series in Education
650 ## - SUBJECT ADDED ENTRY--TOPICAL TERM
Topical term or geographic name entry element Education-Philosophy
942 ## - ADDED ENTRY ELEMENTS (KOHA)
Koha item type Textual
Classification part 370.1, BRO
Holdings
Withdrawn status Lost status Damaged status Not for loan Home library Current library Date acquired Total Checkouts Full call number Barcode Date last seen Price effective from Koha item type
        Department of Education Library Department of Education Library 2025-05-08   370.1, BRO EL0035679 2025-05-08 2025-05-08 Textual
Copyright @ Delhi University Library System